[Event "AUT-chT 0809"]
[Site "Austria"]
[Date "2009.01.25"]
[Round "7.5"]
[White "Volkmann, Friedrich Karl"]
[Black "Klinger, Josef"]
[Result "1/2-1/2"]
[WhiteElo "2444"]
[BlackElo "2429"]
[PlyCount "35"]
[EventDate "2008.11.07"]
[EventType "team-tourn"]
[EventRounds "11"]
[EventCountry "AUT"]
[SourceTitle "EXT 2010"]
[Source "ChessBase"]
[SourceDate "2010.11.25"]
[SourceVersion "1"]
[SourceVersionDate "2010.11.25"]
[SourceQuality "1"]
[WhiteTeam "Wulkaprodersdorf"]
[BlackTeam "Ansfelden"]
[WhiteTeamCountry "AUT"]
[BlackTeamCountry "AUT"]

1. d4 e6 2. e4 d5 3. Nd2 dxe4 4. Nxe4 Nd7 5. Nf3 Ngf6 6. Bd3 Be7 7. c4 b6 8. 0-0 Bb7 9. Qe2 0-0 10. Rd1 c5 11. dxc5 Nxe4 12. Bxe4 Bxe4 13. Qxe4 Nxc5 14. Qe2 Qc7 15. Be3 Rfd8 16. Bd4 Qf4 17. Be5 Qe4 18. Kf1 1/2-1/2

[Event "AUT-chT 0607"]
[Site "Austria"]
[Date "2006.11.05"]
[Round "3"]
[White "Volkmann, Friedrich Karl"]
[Black "Klinger, Josef"]
[Result "1-0"]
[WhiteElo "2416"]
[BlackElo "2429"]
[PlyCount "46"]
[EventDate "2006.11.03"]
[EventType "team"]
[EventRounds "11"]
[EventCountry "AUT"]
[SourceTitle "EXT 2007"]
[Source "ChessBase"]
[SourceDate "2006.11.23"]
[SourceVersion "1"]
[SourceVersionDate "2006.11.23"]
[SourceQuality "1"]
[WhiteTeam "Wulkaprodersdorf"]
[BlackTeam "Ansfelden"]
[WhiteTeamCountry "AUT"]
[BlackTeamCountry "AUT"]

1. e4 g6 2. d4 Bg7 3. Nf3 d6 4. Nc3 Nd7 5. Bc4 e6 6. a4 a6 7. a5 Ne7 8. Bf4 0-0 9. Qd2 e5 10. Bg5 Qe8 11. dxe5 Nxe5 12. Nxe5 Bxe5 13. Bh6 Bg7 14. h4 Be6 15. Bxg7 Kxg7 16. Bxe6 fxe6 17. h5 Qf7 18. hxg6 Nxg6 19. g3 Qf3 20. Qh6+ Kf6 21. Rh2 Rf7 22. Ra3 Qg4 23. Rh4 Rff8 1-0

[Event "AUT-chT 0506"]
[Site "Austria"]
[Date "2006.03.23"]
[Round "8"]
[White "Klinger, Josef"]
[Black "Ragger, Markus"]
[Result "0-1"]
[WhiteElo "2440"]
[BlackElo "2433"]
[PlyCount "42"]
[EventDate "2005.11.18"]
[EventType "team"]
[EventRounds "11"]
[EventCountry "AUT"]
[SourceTitle "EXT 2007"]
[Source "ChessBase"]
[SourceDate "2006.11.23"]
[SourceVersion "1"]
[SourceVersionDate "2006.11.23"]
[SourceQuality "1"]
[WhiteTeam "Schwarzach"]
[BlackTeam "Maria Saal"]
[WhiteTeamCountry "AUT"]
[BlackTeamCountry "AUT"]

1. d4 Nf6 2. c3 d5 3. Bg5 Ne4 4. Bh4 g5 5. Bg3 h5 6. f3 Nxg3 7. hxg3 Qd6 8. Kf2 h4 9. gxh4 Rxh4 10. Nh3 g4 11. fxg4 Bh6 12. e3 Bxg4 13. Qe1 Nd7 14. Nd2 0-0-0 15. g3 Rg8 16. gxh4 Qf6+ 17. Kg3 Bf3+ 18. Ng5 Bxg5 19. hxg5 Rxg5+ 20. Kh3 Qf5+ 21. Kh2 Qh7+ 0-1

[Event "AUT-chT2W 0203"]
[Site "Austria"]
[Date "2002.10.13"]
[Round "3"]
[White "Ager, Josef"]
[Black "Klinger, Josef"]
[Result "0-1"]
[WhiteElo "2223"]
[BlackElo "2440"]
[PlyCount "56"]
[EventDate "2002.10.??"]
[EventType "team"]
[EventRounds "11"]
[EventCountry "AUT"]
[SourceTitle "EXT 2004"]
[Source "ChessBase"]
[SourceDate "2003.11.25"]
[SourceVersion "1"]
[SourceVersionDate "2003.11.25"]
[SourceQuality "1"]

1. d4 g6 2. c4 Bg7 3. Nc3 d6 4. e4 e6 5. Nf3 Ne7 6. Be2 b6 7. Bf4 Bb7 8. Qd2 h6 9. h4 Nd7 10. 0-0-0 a6 11. h5 g5 12. Nxg5 hxg5 13. Bxg5 c5 14. d5 Nf8 15. f4 Qc7 16. e5 Rh7 17. dxe6 dxe5 18. exf7+ Kxf7 19. h6 Bh8 20. Bh5+ Kg8 21. Rh3 exf4 22. Nd5 Nxd5 23. cxd5 Qd6 24. Bxf4 Be5 25. Bg5 c4 26. Rf3 Rc8 27. Bg4 c3 28. bxc3 Bxc3 0-1

[Event "AUT-chT2M 0001"]
[Site "Austria"]
[Date "2001.??.??"]
[Round "6"]
[White "Steigerstorfer, Erich"]
[Black "Klinger, Josef"]
[Result "0-1"]
[WhiteElo "2225"]
[BlackElo "2425"]
[PlyCount "64"]
[EventDate "2000.??.??"]
[EventType "team"]
[EventRounds "9"]
[EventCountry "AUT"]
[SourceTitle "EXT 2003"]
[Source "ChessBase"]
[SourceDate "2002.11.25"]
[SourceVersion "1"]
[SourceVersionDate "2002.11.25"]
[SourceQuality "1"]

1. d4 e6 2. c4 d5 3. cxd5 exd5 4. Nc3 Nf6 5. Bg5 c6 6. Qc2 Be7 7. e3 0-0 8. Bd3 Nbd7 9. Nge2 Re8 10. 0-0-0 Ne4 11. Bxe4 dxe4 12. Bf4 Nf6 13. Nxe4 Nxe4 14. Qxe4 Qa5 15. d5 cxd5 16. Rxd5 Qxa2 17. Rhd1 Bg4 18. Nc3 Qa1+ 19. Kc2 Bxd1+ 20. Rxd1 Qa6 21. Rd7 Bf6 22. Qxb7 Qf1 23. Rxf7 Qxf2+ 24. Kb3 Rad8 25. Rxf6 gxf6 26. Nd5 Rf8 27. Ne7+ Kh8 28. Nf5 Rg8 29. Qe7 Rdf8 30. Bh6 Rb8+ 31. Ka4 Qc2+ 32. Ka5 Qxf5+ 0-1

[Event "AUT-chT2M 0001"]
[Site "Austria"]
[Date "2000.11.25"]
[Round "4.2"]
[White "Klinger, Josef"]
[Black "Umansky, Mikhail"]
[Result "1-0"]
[WhiteElo "2425"]
[BlackElo "2431"]
[PlyCount "79"]
[EventDate "2000.??.??"]
[EventType "team"]
[EventRounds "9"]
[EventCountry "AUT"]
[SourceTitle "EXT 2003"]
[Source "ChessBase"]
[SourceDate "2002.11.25"]
[SourceVersion "1"]
[SourceVersionDate "2002.11.25"]
[SourceQuality "1"]

1. d4 Nf6 2. g3 g6 3. Bg2 Bg7 4. e4 0-0 5. Nc3 c5 6. dxc5 Qa5 7. Nge2 Qxc5 8. 0-0 Nc6 9. Nf4 d6 10. Ncd5 Nd7 11. Bd2 Nde5 12. b4 Qc4 13. Ne3 Qa6 14. Nfd5 Qa4 15. f4 Nd7 16. b5 Nd4 17. c4 Qa3 18. Bb4 Qb2 19. Rb1 Qe2 20. Qxe2 Nxe2+ 21. Kf2 a5 22. Bd2 Nd4 23. Nxe7+ Kh8 24. Bc3 Nc5 25. Rbd1 Nce6 26. N3d5 Bd7 27. f5 Nc2 28. Bxg7+ Kxg7 29. Nb6 Rad8 30. Rxd6 Bxb5 31. e5 Ba6 32. fxe6 fxe6+ 33. Kg1 Ne3 34. Rxf8 Rxf8 35. Rxe6 Nxg2 36. Kxg2 Rd8 37. Ned5 Kh6 38. Rd6 Re8 39. e6 Kg5 40. e7 1-0

[Event "AUT-chT 9596"]
[Site "Austria"]
[Date "1996.??.??"]
[Round "?"]
[White "Atlas, Valeri"]
[Black "Klinger, Josef"]
[Result "1-0"]
[WhiteElo "2440"]
[BlackElo "2430"]
[PlyCount "67"]
[EventDate "1995.??.??"]
[EventType "team"]
[EventRounds "11"]
[EventCountry "AUT"]
[SourceTitle "CBM 052 Extra"]
[Source "ChessBase"]
[SourceDate "1996.07.01"]
[SourceVersion "1"]
[SourceVersionDate "1996.07.01"]
[SourceQuality "1"]

1. e4 e5 2. Bc4 Nf6 3. d3 Bc5 4. Nf3 d6 5. c3 0-0 6. h3 Nc6 7. Bb3 Ne7 8. Nh4 Ng6 9. Bg5 Bxf2+ 10. Kxf2 Nxh4 11. Bxh4 Nxe4+ 12. dxe4 Qxh4+ 13. Kg1 Qxe4 14. Qf3 Qg6 15. Nd2 c6 16. Re1 Be6 17. Kh2 Bxb3 18. Nxb3 f5 19. Na5 Rf7 20. Nc4 Qe6 21. b3 Rd8 22. Rhf1 e4 23. Qf4 Qf6 24. Ne3 Rdf8 25. g4 g5 26. Qxf5 Qe7 27. Qa5 b6 28. Rxf7 Rxf7 29. Qa6 Qe5+ 30. Kg2 Qxc3 31. Re2 d5 32. Qc8+ Rf8 33. Qe6+ Rf7 34. Rf2 1-0

[Event "AUT-chT 9495"]
[Site "Austria"]
[Date "1995.??.??"]
[Round "?"]
[White "Opl, Klaus"]
[Black "Klinger, Josef"]
[Result "1-0"]
[WhiteElo "2315"]
[BlackElo "2450"]
[PlyCount "59"]
[EventDate "1994.??.??"]
[EventType "team"]
[EventRounds "11"]
[EventCountry "AUT"]
[SourceTitle "CBM 045 Extra"]
[Source "ChessBase"]
[SourceDate "1995.05.01"]
[SourceVersion "1"]
[SourceVersionDate "1995.05.01"]
[SourceQuality "1"]

1. e4 c5 2. Nf3 e6 3. d4 cxd4 4. Nxd4 Nf6 5. Nc3 Bb4 6. e5 Nd5 7. Bd2 Nxc3 8. bxc3 Be7 9. Qg4 0-0 10. Bh6 g6 11. h4 Qa5 12. Qg3 d6 13. Bxf8 Bxf8 14. exd6 Qc5 15. Rd1 Bxd6 16. Nb3 Bxg3 17. Nxc5 Bc7 18. h5 Kg7 19. Bd3 Be5 20. Be4 Bxc3+ 21. Ke2 Nc6 22. Bxc6 bxc6 23. Rd6 e5 24. h6+ Kf8 25. Rxc6 Bd4 26. Rd1 Bf5 27. c3 Bxc3 28. Nd7+ Bxd7 29. Rxd7 Ke8 30. Rcc7 1-0

[Event "AUT-chT 9495"]
[Site "Austria"]
[Date "1995.??.??"]
[Round "?"]
[White "Postl, Anton"]
[Black "Klinger, Josef"]
[Result "1/2-1/2"]
[WhiteElo "2320"]
[BlackElo "2450"]
[PlyCount "112"]
[EventDate "1994.??.??"]
[EventType "team"]
[EventRounds "11"]
[EventCountry "AUT"]
[SourceTitle "CBM 045 Extra"]
[Source "ChessBase"]
[SourceDate "1995.05.01"]
[SourceVersion "1"]
[SourceVersionDate "1995.05.01"]
[SourceQuality "1"]

1. d4 d5 2. c4 e6 3. Nc3 c6 4. cxd5 exd5 5. Bf4 Bd6 6. Bxd6 Qxd6 7. e3 Bf5 8. Bd3 Bxd3 9. Qxd3 Nf6 10. Nf3 Nbd7 11. 0-0 0-0 12. Rab1 Rfe8 13. b4 a6 14. a4 Ne4 15. Qc2 Nxc3 16. Qxc3 Nf6 17. a5 Ne4 18. Nd2 Nxd2 19. Qxd2 Re7 20. Rbe1 Rae8 21. h3 f5 22. f4 Re4 23. Rf3 R8e6 24. Rb1 Qe7 25. Rb3 Kf7 26. Qf2 Ke8 27. Kh2 Kd8 28. Kg1 Kc8 29. Kh2 Kb8 30. Kg1 Ka7 31. Kh2 h6 32. Qc2 Ka8 33. Qc5 Qf6 34. b5 cxb5 35. Qxd5 Rd6 36. Qc5 Rc6 37. Qa3 Qf7 38. Rd3 Qc4 39. Rf2 b4 40. Qb3 Qb5 41. d5 Rd6 42. Rc2 Qxa5 43. Rc8+ Ka7 44. Rf8 Qb5 45. Rxf5 a5 46. Re5 a4 47. Qd1 Rc4 48. Re6 Rd8 49. d6 b3 50. Rd5 Qb6 51. Qh5 b2 52. Rb5 Rc5 53. Rxb6 Rxh5 54. Rxb2 a3 55. Ra2 Ra5 56. Re5 b5 1/2-1/2

[Event "AUT-chT"]
[Site "Austria"]
[Date "1994.??.??"]
[Round "?"]
[White "Deutsch, Ludwig"]
[Black "Klinger, Josef"]
[Result "1/2-1/2"]
[WhiteElo "2220"]
[BlackElo "2435"]
[PlyCount "83"]
[EventDate "1994.??.??"]
[EventType "team"]
[EventRounds "11"]
[EventCountry "AUT"]
[SourceTitle "TD"]
[Source "ChessBase"]
[SourceDate "1994.03.01"]
[SourceVersion "1"]
[SourceVersionDate "1994.03.01"]
[SourceQuality "1"]

1. d4 e6 2. c4 d5 3. Nc3 c6 4. Nf3 dxc4 5. a4 Bb4 6. e4 b5 7. Be2 Nf6 8. Qc2 Bb7 9. 0-0 a6 10. Rd1 Nbd7 11. e5 Nd5 12. Ne4 N7b6 13. Bd2 Be7 14. Bg5 f6 15. exf6 gxf6 16. Bh6 Qc7 17. Nc5 Bxc5 18. dxc5 Nxa4 19. Rxa4 bxa4 20. Nd4 Qe5 21. Qxa4 0-0-0 22. Bxc4 Nc7 23. Be3 Rhg8 24. Be2 Qe4 25. g3 Nb5 26. Bc4 Kb8 27. Bd3 Qg4 28. Bc2 h5 29. f3 Qh3 30. Nxb5 Rxd1+ 31. Bxd1 cxb5 32. Qf4+ e5 33. Qxf6 Qd7 34. Qxe5+ Ka8 35. Be2 Re8 36. c6 Bxc6 37. Qc5 h4 38. Kf2 Qc7 39. b4 Rg8 40. f4 hxg3+ 41. hxg3 Qb7 42. g4 1/2-1/2

[Event "Cappelle op 10th"]
[Site "Cappelle la Grande"]
[Date "1994.??.??"]
[Round "1"]
[White "Feller, Joseph"]
[Black "Klinger, Josef"]
[Result "0-1"]
[WhiteElo "2245"]
[BlackElo "2475"]
[PlyCount "48"]
[EventDate "1994.02.??"]
[EventType "swiss"]
[EventRounds "9"]
[EventCountry "FRA"]
[SourceTitle "TD"]
[Source "ChessBase"]
[SourceDate "1994.03.01"]
[SourceVersion "1"]
[SourceVersionDate "1994.03.01"]
[SourceQuality "1"]

1. d4 e6 2. e4 d5 3. exd5 exd5 4. Bd3 Nc6 5. c3 Bd6 6. Ne2 Qh4 7. Nd2 Bg4 8. Nf1 0-0-0 9. Be3 f5 10. Qc2 Rf8 11. h3 f4 12. g3 fxg3 13. fxg3 Qh5 14. 0-0-0 Bf3 15. Rh2 Nf6 16. Re1 Ne4 17. Bf4 Bxf4+ 18. Nxf4 Qh6 19. Bxe4 Bxe4 20. Qe2 g5 21. Qh5 Qf6 22. Qg4+ Kb8 23. Ng2 Nb4 24. Kd2 Nd3 0-1

[Event "Casino op 2nd"]
[Site "Velden"]
[Date "1994.??.??"]
[Round "6"]
[White "Grabics, Monika"]
[Black "Klinger, Josef"]
[Result "1/2-1/2"]
[WhiteElo "2325"]
[BlackElo "2450"]
[PlyCount "31"]
[EventDate "1994.07.??"]
[EventType "swiss"]
[EventRounds "9"]
[EventCountry "AUT"]
[SourceTitle "TD"]
[Source "ChessBase"]
[SourceDate "1994.03.01"]
[SourceVersion "1"]
[SourceVersionDate "1994.03.01"]
[SourceQuality "1"]

1. e4 e6 2. d4 d5 3. exd5 exd5 4. Bd3 Bd6 5. Nc3 c6 6. Nf3 Nf6 7. Qe2+ Qe7 8. Qxe7+ Bxe7 9. 0-0 0-0 10. Bg5 h6 11. Bh4 Re8 12. Rfe1 Kf8 13. h3 Ng8 14. Bxe7+ Rxe7 15. Rxe7 Nxe7 16. Re1 1/2-1/2

[Event "AUT-chT"]
[Site "Austria"]
[Date "1994.??.??"]
[Round "?"]
[White "Klinger, Josef"]
[Black "Neulinger, Manfred"]
[Result "1-0"]
[WhiteElo "2435"]
[BlackElo "2290"]
[PlyCount "83"]
[EventDate "1994.??.??"]
[EventType "team"]
[EventRounds "11"]
[EventCountry "AUT"]
[SourceTitle "TD"]
[Source "ChessBase"]
[SourceDate "1994.03.01"]
[SourceVersion "1"]
[SourceVersionDate "1994.03.01"]
[SourceQuality "1"]

1. e4 c6 2. d4 d5 3. exd5 cxd5 4. Bd3 Nc6 5. c3 Nf6 6. f4 Bg4 7. Nf3 Ne4 8. 0-0 Bxf3 9. Qxf3 f5 10. Nd2 e6 11. Qh3 Be7 12. Nxe4 dxe4 13. Bc4 Nxd4 14. Be3 Qc7 15. Bxd4 Qxc4 16. Bxg7 Rg8 17. Qh5+ Kd7 18. Rfd1+ Kc7 19. b3 Qc6 20. Be5+ Kb6 21. b4 Rg4 22. Qh3 Rd8 23. Rxd8 Bxd8 24. a4 Qd5 25. Qe3+ Kc6 26. Qe2 b5 27. axb5+ Qxb5 28. Qa2 Bb6+ 29. Kh1 Kd7 30. Rd1+ Ke7 31. Bd6+ Kf7 32. c4 Qd7 33. c5 Bd8 34. Qc2 a6 35. c6 Qc8 36. c7 Bf6 37. Be5 Rg7 38. Qc3 Bxe5 39. Qxe5 Kg6 40. Rd8 Qxc7 41. Qxe6+ Kh5 42. Qxf5+ 1-0

[Event "Cappelle op 10th"]
[Site "Cappelle la Grande"]
[Date "1994.??.??"]
[Round "7"]
[White "Minet, Steve"]
[Black "Klinger, Josef"]
[Result "0-1"]
[WhiteElo "1730"]
[BlackElo "2475"]
[PlyCount "94"]
[EventDate "1994.02.??"]
[EventType "swiss"]
[EventRounds "9"]
[EventCountry "FRA"]
[SourceTitle "EXT 1999"]
[Source "ChessBase"]
[SourceDate "1998.11.16"]
[SourceVersion "1"]
[SourceVersionDate "1998.11.16"]
[SourceQuality "1"]

1. e4 c5 2. Nf3 e6 3. d4 cxd4 4. Nxd4 Nf6 5. Nc3 Bb4 6. Bd3 d5 7. Bb5+ Bd7 8. Bxd7+ Nbxd7 9. exd5 Nxd5 10. Bd2 Bxc3 11. Bxc3 Nxc3 12. bxc3 0-0 13. 0-0 Rc8 14. Rb1 Nc5 15. Qf3 Qa5 16. Nb3 Nxb3 17. Rxb3 b6 18. a3 Rfd8 19. Rd1 Qf5 20. Qe2 Qc5 21. Qf3 Rd2 22. Rbb1 Qd6 23. Rxd2 Qxd2 24. Rd1 Qxc2 25. Qd3 Qxd3 26. Rxd3 Kf8 27. Kf1 Ke7 28. Rh3 h6 29. Rg3 g6 30. a4 a5 31. c4 Rxc4 32. Rb3 Rb4 33. Ra3 e5 34. Ke2 f5 35. g3 Kd6 36. h4 Kc5 37. h5 gxh5 38. Rf3 f4 39. gxf4 Rxf4 40. Re3 Kd5 41. Rb3 Rb4 42. Rh3 h4 43. Rd3+ Ke6 44. Ra3 Kf5 45. Kf3 h5 46. Kg2 Ke4 47. Rh3 Kd5 0-1

[Event "AUT-chT"]
[Site "Austria"]
[Date "1994.??.??"]
[Round "?"]
[White "Schumi, Manfred"]
[Black "Klinger, Josef"]
[Result "0-1"]
[WhiteElo "2255"]
[BlackElo "2435"]
[PlyCount "152"]
[EventDate "1994.??.??"]
[EventType "team"]
[EventRounds "11"]
[EventCountry "AUT"]
[SourceTitle "TD"]
[Source "ChessBase"]
[SourceDate "1994.03.01"]
[SourceVersion "1"]
[SourceVersionDate "1994.03.01"]
[SourceQuality "1"]

1. e4 c5 2. Nf3 Nc6 3. d4 cxd4 4. Nxd4 Qb6 5. Nb5 a6 6. Be3 Qa5+ 7. N5c3 Nf6 8. Nd2 e6 9. Nc4 Qc7 10. Bb6 Qb8 11. Nd5 exd5 12. exd5 d6 13. dxc6 bxc6 14. Bd4 Be6 15. Ne3 Be7 16. Bd3 c5 17. Bc3 d5 18. Bd2 c4 19. Be2 Qxb2 20. Rb1 Qe5 21. 0-0 0-0 22. Re1 c3 23. Bc1 d4 24. Nc4 Qd5 25. Nb6 Qxa2 26. Bf4 Rae8 27. Qxd4 Qxc2 28. Rbc1 Qf5 29. Rxc3 Rd8 30. Qa4 Bc5 31. Be3 Ne4 32. Rxc5 Nxc5 33. Qa3 Nd3 34. Ra1 Nf4 35. Bxa6 Nd5 36. Bb7 Nxb6 37. Bxb6 Rb8 38. Qa6 Qf6 39. Bc5 Rfd8 40. Bf3 Qc3 41. Be3 Bd5 42. Bxd5 Rxd5 43. h3 Qd3 44. Qa7 Rb1+ 45. Rxb1 Qxb1+ 46. Kh2 Rd8 47. Bf4 h6 48. Qe7 Qd3 49. Qc7 Re8 50. Qb6 Qc4 51. Qd6 Re6 52. Qb8+ Kh7 53. Bg3 Re1 54. Bc7 Qc1 55. Bf4 Rh1+ 56. Kg3 Qc3+ 57. Be3 Qc6 58. Qf4 Qg6+ 59. Qg4 Rd1 60. Kh2 Qxg4 61. hxg4 Kg6 62. Kg3 h5 63. gxh5+ Kxh5 64. Bc5 Kg5 65. Bb6 Rd3+ 66. f3 Kf5 67. Ba7 Rd2 68. Bc5 Ke5 69. Bf8 g6 70. Bg7+ Kd5 71. Kh3 Kc4 72. Bf6 Kd3 73. g4 Ke2 74. f4 Kf3 75. Be5 Rd5 76. Bc7 Rd4 0-1

[Event "Budapest Spring op 09th"]
[Site "Budapest"]
[Date "1993.??.??"]
[Round "8"]
[White "Kincs, Imre"]
[Black "Klinger, Josef"]
[Result "0-1"]
[WhiteElo "2300"]
[BlackElo "2445"]
[PlyCount "102"]
[EventDate "1993.03.??"]
[EventType "swiss"]
[EventRounds "9"]
[EventCountry "HUN"]
[SourceTitle "EXT 1998"]
[Source "ChessBase"]
[SourceDate "1997.11.17"]
[SourceVersion "1"]
[SourceVersionDate "1997.11.17"]
[SourceQuality "1"]

1. d4 e6 2. c4 d5 3. Nf3 c6 4. Nc3 dxc4 5. e3 b5 6. a4 Bb4 7. Be2 Bb7 8. 0-0 a6 9. Ne5 f6 10. Nf3 Ne7 11. Ne4 Nd5 12. Bd2 Be7 13. b3 f5 14. Nc5 Bxc5 15. dxc5 c3 16. Bc1 Nd7 17. b4 Nxb4 18. Qd4 Nc2 19. Qxg7 Qf6 20. Qxf6 Nxf6 21. Rb1 Nd5 22. a5 Rd8 23. Ne5 Ndb4 24. Bh5+ Ke7 25. Nf7 Rhg8 26. Nxd8 Rxd8 27. e4 Rd4 28. Bg5+ Kf8 29. Rfd1 e5 30. exf5 Bc8 31. f6 Be6 32. Bh6+ Kg8 33. Rbc1 Bf7 34. Be2 Bg6 35. Rf1 Na2 36. Rb1 Rh4 37. Bg5 Nd4 38. Bc4+ bxc4 39. Rb8+ Kf7 40. Rb7+ Ke6 41. Bxh4 c2 42. Bg5 c1Q 43. Re7+ Kf5 44. Bxc1 Kxf6 45. Bg5+ Kxg5 46. Ra1 Kf6 47. Rb7 Nc1 48. Rxc1 Ne2+ 49. Kf1 Nxc1 50. Ke1 c3 51. Kd1 Na2 0-1